000 00474nam a2200181Ia 4500
003 OSt
005 20250117161525.0
008 210210b1957 xxu||||| |||| 00| 0 eng d
040 _cAL
041 _akan
082 _a859/74
100 _aKRASHNARAYA (A N)
_9148218
_dಕೃಷ್ಣರಾಯ (ಅ ನ ಕೃ).
245 _aShrImati:
_bಶ್ರೀಮತಿ
260 _aBengaluru
_b-
_c1957
690 _aKannada Fiction
_9148219
906 _a020857
942 _2ddc
_cBK
999 _c145015
_d145015